Click to Translate - Arabic - Statistics

General Stats
  • This quiz has been taken 5,043 times
  • The average score is 12 of 20
Answer Stats
Hint Answer % Correct
Mosque مسجد (masjid)
82%
Thank you شكرًا (shukran)
80%
Goodbye مع السلامة (ma'alsalama)
74%
Hello مرحبًا (marhaban)
74%
Coffee قهوة (qahwah)
71%
Beautiful جميلة (jamila)
69%
Dog كلب (kalb)
68%
Six ستة (sita)
68%
Yes نعم (na'am)
60%
Today اليوم (al-yawm)
58%
Water ماء (ma')
57%
Tuesday يوم الثلاثاء (al-thulatha')
56%
Doctor طبيب (tabib)
54%
Hotel الفندق (alfunduq)
51%
Small صغير (saghir)
50%
Horse حصان (hisan)
49%
Year سنة (sana)
49%
Street شارع (sharie)
49%
Face وجه (wajah)
45%
Bad سيئ (sayii')
38%
No matching quizzes found
Score Distribution
Percent of People with Each Score
Percentile by Number Answered
Your Score History
You have not taken this quiz